[Event "CCSCSL Invitational"]
[Site "Saint Louis USA"]
[Date "2011.12.02"]
[Round "6.3"]
[White "Yang,Dar"]
[Black "Young,An"]
[Result "1-0"]
[WhiteTitle "IM"]
[BlackTitle "IM"]
[WhiteElo "2442"]
[BlackElo "2350"]
[WhiteFideId "2029111"]
[BlackFideId "5200490"]
[EventDate "2011.11.29"]

1. d4 Nf6 2. c4 g6 3. f3 d5 4. cxd5 Nxd5 5. e4 Nb6 6. Nc3 Bg7 7. Be3 O-O 8. Qd2
Nc6 9. O-O-O a5 10. h4 a4 11. h5 Na5 12. hxg6 fxg6 13. Bg5 c6 14. g4 Rf7 15. e5
a3 16. Qh2 axb2+ 17. Kb1 h5 18. gxh5 Bf5+ 19. Bd3 Nac4 20. hxg6 Qxd4 21. gxf7+
Kxf7 22. Qh5+ Kg8 23. Qh7+ Bxh7 24. Bxh7+ Kf7 25. Rxd4 Na3+ 26. Kxb2 Bxe5 27.
Nge2 Na4+ 28. Nxa4 Rxa4 29. Kb3 Ra6 30. Ra4 Rb6+ 31. Rb4 Ra6 32. Bd3 b5 33. Rh7+ 1-0

[Event "CCSCSL Invitational"]
[Site "Saint Louis USA"]
[Date "2011.12.02"]
[Round "6.4"]
[White "Rensch,D"]
[Black "Shahade,G"]
[Result "1/2-1/2"]
[WhiteTitle "IM"]
[BlackTitle "IM"]
[WhiteElo "2416"]
[BlackElo "2459"]
[WhiteFideId "2017202"]
[BlackFideId "2009064"]
[EventDate "2011.11.29"]

1. e4 c6 2. Nc3 d5 3. Nf3 Nf6 4. e5 Ne4 5. Be2 Nxc3 6. dxc3 Bg4 7. O-O e6 8. c4
dxc4 9. Qxd8+ Kxd8 10. Bxc4 Bxf3 11. gxf3 Nd7 12. Re1 Kc7 13. c3 Be7 14. f4 g6
15. Be3 Rhd8 16. Kg2 Nb6 17. Bb3 Rd7 18. Kf3 Rad8 19. Rad1 Nd5 20. a3 a6 21. Rg1
h5 22. Ke2 Bf8 23. h3 Be7 24. Bc1 Bf8 25. Be3 Be7 1/2-1/2

[Event "21st World Seniors"]
[Site "Rijeka CRO"]
[Date "2011.11.25"]
[Round "10.13"]
[White "Brinck Claussen,B"]
[Black "Van Riemsdijk,H"]
[Result "1/2-1/2"]
[WhiteTitle "IM"]
[BlackTitle "IM"]
[WhiteElo "2263"]
[BlackElo "2404"]
[WhiteFideId "1400134"]
[BlackFideId "2100053"]
[EventDate "2011.11.15"]

1. e4 e5 2. Nf3 Nc6 3. Bb5 a6 4. Ba4 Nf6 5. O-O Be7 6. Re1 b5 7. Bb3 d6 8. c3
O-O 9. h3 Na5 10. Bc2 c5 11. d4 Qc7 12. Nbd2 cxd4 13. cxd4 Bd7 14. Nf1 Rac8 15.
Ne3 Nc6 16. d5 Nb4 17. Bb1 a5 18. a3 Na6 19. b4 g6 20. Bd2 Nh5 21. Bd3 Nf4 22.
Bf1 Qa7 23. Rb1 axb4 24. axb4 Bd8 25. Nc2 Bb6 26. Be3 Rc3 27. Bxb6 Qxb6 28. Re3
Rfc8 29. Rxc3 Rxc3 30. Nce1 Kg7 31. Qd2 Ra3 32. Nd3 h6 33. Qe2 Ra4 34. Qd2 Ra3 1/2-1/2